Crayola Crayon Colors - Sudden Death - Statistics

General Stats
  • This quiz has been taken 1,507 times
  • The average score is 35 of 64
Answers on the Grid
Answers color-coded by a green-red scale on the quiz's grid according to % correct below.
Agent Orange
Apricot
Aquamarine
Bittersweet
Black
Black and Blue
Blue
Blue-Gray
Blue-Violet
Bluish-Green
Brick Red
Brown
Brown Recluse
Burnt Orange
Burnt Sienna
Burnt Toast
Cadet Blue
Carnation Pink
Copper
Cornflower
Forest Green
Gold
Goldendoodle
Goldenrod
Goldfinger
Gray
Green
Green-Blue
Green-Yellow
Indian Red
Jaundice
Kumquat
Lavender
Lemon Yellow
Magenta
Mahogany
Maize
Maroon
Maze
Melon
Midnight Blue
Mulberry
Navy Blue
Navy Red
Olive Garden
Olive Green
Orange
Orange-Red
Orange-Yellow
Orchid
Peach
Periwinkle
Phlegm
Pine Green
Plum
Quicksilver
Raw Egg
Raw Sienna
Raw Umber
Red
Red Lobster
Red-Orange
Red-Violet
Salmon
Salmonella
Sea Green
Sepia
Silver
Sky Blue
Soylent Green
Spray Tan
Spring Green
Tan
Thistle
Turquoise Blue
Uranium
Violet
Violet-Blue
Violet-Red
White
Yellow
Yellow Fever
Yellow-Green
Yellow-Orange
 
Answer Stats
Answer % Correct
Blue
88%
Black
86%
Brown
80%
Green
79%
Gray
78%
Gold
77%
Apricot
76%
Aquamarine
74%
Orange
72%
Yellow
72%
White
71%
Red
70%
Violet
70%
Magenta
68%
Maroon
68%
Forest Green
67%
Navy Blue
67%
Lavender
65%
Silver
65%
Peach
64%
Brick Red
63%
Olive Green
62%
Copper
60%
Sky Blue
60%
Tan
60%
Blue-Violet
59%
Burnt Sienna
58%
Plum
58%
Green-Yellow
57%
Periwinkle
57%
Yellow-Green
56%
Blue-Gray
55%
Burnt Orange
55%
Green-Blue
55%
Midnight Blue
55%
Salmon
55%
Red-Orange
54%
Yellow-Orange
54%
Orange-Red
52%
Lemon Yellow
51%
Orange-Yellow
51%
Sea Green
51%
Turquoise Blue
51%
Carnation Pink
50%
Cornflower
50%
Mahogany
47%
Violet-Blue
47%
Pine Green
45%
Red-Violet
43%
Violet-Red
43%
Cadet Blue
39%
Melon
39%
Orchid
39%
Spring Green
38%
Bluish-Green
37%
Goldenrod
37%
Sepia
36%
Maize
34%
Raw Sienna
34%
Mulberry
33%
Raw Umber
30%
Indian Red
27%
Thistle
22%
Bittersweet
18%
No matching quizzes found
Score Distribution
Percent of People with Each Score
Percentile by Number Answered
Your Score History
You have not taken this quiz